| 000 | 01369cam a2200445 4500 | ||
|---|---|---|---|
| 003 | PE-LiUPU | ||
| 005 | 20250731173415.0 | ||
| 008 | 1994 tnu b | ||
| 020 | _a0687146933 | ||
| 040 |
_aPE-LiUPU _bspa _cPE-LiUPU _erda |
||
| 082 | 0 | 4 |
_a264.001 _bS165w _223 |
| 100 | 1 |
_aSaliers, Don E. _c1937- |
|
| 245 | 1 | 0 |
_aWorship as theology; foretaste of glory divine / _cDon E. Saliers. |
| 264 | 1 |
_aNashville, TN : _bAbingdon Press, _c1994. |
|
| 300 |
_a255 páginas ; _c23 centímetros. |
||
| 504 | _aIncluye bibliografía | ||
| 505 | 0 | _aLiturgy and theology -- Liturgy as prayer -- Liturgy in context | |
| 526 | _aSEG42 | ||
| 526 | _aSEG41 | ||
| 526 | _aSEG40 | ||
| 526 | _aSEG39 | ||
| 526 | _aP94 | ||
| 526 | _aP87 | ||
| 526 | _aP86 | ||
| 526 | _aP85 | ||
| 526 | _aP77 | ||
| 526 | _aP76 | ||
| 526 | _aP35 | ||
| 650 | 1 | 4 |
_aAdoración pública _93099 |
| 650 | 1 | 4 | _aLiturgia |
| 650 | 1 | 4 |
_aDios (Cristianismo) _xAdoración y el amor |
| 910 | _aaj-op | ||
| 942 |
_2ddc _cBK _n0 |
||
| 949 |
_a264.001 S165w _i43770 _lCCODEBUL1 _mBUL _tLIBRO _o.STAFF. Colección Teología |
||
| 949 |
_a264.001 S165w _i45800 _lCCODEBUL1 _mBUL _tLIBRO _o.STAFF. Colección Teología |
||
| 980 |
_81 _gALBERTO SANCHEZ Responsable de Automatización |
||
| 999 |
_c53362 _d53362 |
||